Pokémon - Les attaques de Tomberro - Statistiques

Statistiques générales
  • Ce quiz a été pris 11 fois
  • Le résultat moyen est 14 sur 16
Statistiques - réponses
Niveaux Types Noms des attaques % Correct
Niveau 36 Fée Câlinerie
100%
Niveau 51 Fée Charme
100%
Niveau 58 Normal Damoclès
100%
Départ Évolution Spectre Hommage Posthume
100%
Niveau 3 Spectre Léchouille
100%
Niveau 28 Ténèbres Mâchouille
100%
Niveau 6 Normal Mimi-Queue
100%
Niveau 6 Ténèbres Morsure
100%
Départ Normal Rugissement
100%
Niveau 16 Sol Tunnel
100%
Départ Normal Charge
86%
Niveau 9 Normal Hurlement
86%
Niveau 12 Normal Coup d'Boule
71%
Niveau 46 Spectre Hantise
57%
Niveau 24 Psy Repos
57%
Niveau 41 Normal Coup d'Main
43%
Aucun quiz correspondant
Distribution des résultats
% des personnes avec chaque résultat
Percentile par nombre de réponses
Votre historique - résultats
Vous n’avez pas pris ce quiz